000 00387nam a2200145Ia 4500
005 20251222140057.0
008 251222s1900||||xx |||||||||||||| ||spa||
020 _a9786124077968
082 _a346.46/M97
100 _aMurillo Chávez, Javier André
245 0 _aLa Protección Jurídica de las Expresiones del Folklore
250 _a1ra. ed.
264 _bARA, Editores
942 _cLIB
999 _c3797
_d3797